000 01402nam a22002297a 4500
999 _c60290
_d60290
005 20251125233052.0
008 s2553 th tha d
040 _aNALT
041 _atha
090 _aKE81 ค123ห 2553
245 1 0 _aหลักการจำแนกประเภทหน่วยงานของรัฐในกำกับของฝ่ายบริหาร
260 3 _aกรุงเทพฯ :
_bสำนักงานคณะกรรมการพัฒนาระบบราชการ,
_c2553
300 _a137 หน้า :
_b แผนภูมิ, ตาราง ;
_c 21 ซม.
610 _aสำนักงานคณะกรรมการพัฒนาระบบราชการ
650 0 4 _aหน่วยงานของรัฐ -- การจัดส่วนราชการ
650 0 4 _aไทย -- การจัดส่วนราชการ -- กฎหมายและระเบียบข้อบังคับ
650 0 4 _aส่วนราชการ -- ไทย -- กฎหมายและระเบียบข้อบังคับ
850 _aNALT
856 4 0 _uhttps://hdl.handle.net/20.500.14156/302054
_71
942 _cLB
_2lcc
_01
998 _j8
_k นายบัณฑิต อุทาวงค์